KOHA-Header-6

Media, Religion, and Politics in Pakistan (Record no. 13646)

000 -LEADER
fixed length control field 00364nam a22001337a 4500
020 ## - INTERNATIONAL STANDARD BOOK NUMBER
ISBN 9780195791747
082 ## - DEWEY DECIMAL CLASSIFICATION NUMBER
Classification number 302.23
Item number AKH
100 ## - MAIN ENTRY--AUTHOR NAME
Personal name Rai Shakil Akhtar
245 ## - TITLE STATEMENT
Title Media, Religion, and Politics in Pakistan
260 ## - PUBLICATION, DISTRIBUTION, ETC. (IMPRINT)
Place of publication Karachi
Name of publisher Oxford University Press
Year of publication 2000
300 ## - PHYSICAL DESCRIPTION
Number of Pages XXXii, 255 Pages
650 ## - SUBJECT ADDED ENTRY--TOPICAL TERM
Topical Term Pakistan, Religion, Politics, Media
942 ## - ADDED ENTRY ELEMENTS (KOHA)
Koha item type Books
Holdings
Withdrawn status Lost status Collection code Permanent Location Current Location Shelving location Date acquired Full call number Accession Number Koha item type
    Pakistan Studies / History MAJU MAJU Shelf No.A30 2023-01-05 302.23 AKH 10739 Books

Powered by Koha